Literary Foursomes Quiz Stats

 Plays Quiz Updated Mar 20, 2012

Challenge
Share
Tweet
Embed
Score 0/72 Timer 10:00
0 Plays Today
% Correct
Slytherin
82.1%
Hufflepuff
80.7%
Charlotte
79.6%
Gryffindor
77.5%
Ravenclaw
77%
Mad Hatter
76.8%
Frodo Baggins
75.1%
Emily
73.9%
Alice
71.5%
Samwise Gamgee
68.9%
Pride and Prejudice
65.9%
Jo March
62.1%
Sense and Sensibility
58.6%
Peregrin Took
57.1%
Meriadoc Brandybuck
56.5%
O'Hara
53.5%
Lucy
52.8%
Peter
52.8%
Edmund
46.3%
Beth March
44.7%
Susan
44.3%
Porthos
43.1%
Anne
42.5%
Hamlet
41.2%
Athos
40.1%
Amy March
38.4%
Macbeth
37.6%
Lilliput
36.3%
Meg March
36.2%
Butler
35.4%
Aramis
35.3%
D'Artagnan
34.4%
Othello
33.7%
March Hare
33.4%
Some Pig
30.7%
King Lear
29.2%
% Correct
Dormouse
25%
Northanger Abbey
24.8%
Mansfield Park
22.8%
Rabbit, Run
21.1%
Peace
18.1%
Truth
17.5%
Love
16.7%
Spy
14.2%
Tinker
13.1%
Tailor
13.1%
Soldier
12.8%
Nan
12.3%
Terrific
9.7%
Humble
9.4%
Queequeg
9.3%
George
9.2%
Radiant
8.1%
Rabbit Redux
7.9%
Hamilton
7%
Brobdingnag
7%
Martha
6.9%
Branwell
6.9%
Kennedy
6.8%
Rabbit at Rest
6.6%
Plenty
6.4%
Flossie
5.3%
Rabbit Is Rich
5.1%
Freddie
5%
Bert
4.7%
Laputa, Balnibarbi, Luggnagg, Glubbdubdrib, or Japan
4.4%
Honey
3.3%
Nick
2.9%
Country of the Houyhnhnms
2.4%
Tashtego
1.6%
Daggoo
1.3%
Fedallah
1.1%

You're not logged in!

Compare scores with friends on all Sporcle quizzes.
Join for Free
OR
Log In

You Might Also Like...

Show Comments

Extras

Top Quizzes Today


Score Distribution

Your Account Isn't Verified!

In order to create a playlist on Sporcle, you need to verify the email address you used during registration. Go to your Sporcle Settings to finish the process.

Report this User

Report this user for behavior that violates our Community Guidelines.

Details: